Statistics for Largest Cities on Islands

Click here to take the quiz!

General Stats

  • This quiz has been taken 225 times
  • The average score is 10 of 15

Answer Stats

Pop. in milAnswer% Correct
30.1Jakarta
98%
37.8Tokyo
97%
10.2London
94%
24.1Manila
92%
17.4Osaka
87%
5.6Singapore
78%
7.4Taipei
77%
10.2Nagoya
67%
2.9Santo Domingo
63%
2.6Manchester
62%
9.1Surabaya
54%
5.7Bandung
53%
3.9Medan
44%
4.1Montreal
20%
2.9Taichung
5%

Score Distribution

Percentile by Number Answered

Percent of People with Each Score

Your Score History

You have not taken this quiz